000 00526nam a2200193Ia 4500
003 GCL
008 140319s9999 xx 000 0 ara d
040 _aGCL /
_cGCL
082 0 4 _a272.55
_bف ع
100 1 _aفهيم عزيز
245 1 0 _aعلم التفسير /
_cفهيم عزيز
260 _a[S.N] :
_bدار الثقافة العربية ،
_c1986
300 _a515 ص
490 _a
650 0 4 _aالعهد الجديد
650 0 4 _aالانجيل
650 0 4 _aالكتاب المقدس
942 _2ddc
_cBK
999 _c31644
_d31644